00191nam a2200073Ia 4500082001200000245002400012100004000036008004100076 aEF ANDR 0aSeeds of yesterday  a ANDREWS, Virginia London, 1994 210817s9999 xx 000 0 und d